Welcome to CU Library Online Public Access Catalogue (OPAC)

Criminal Procedure Code (Amendments) Act, 2002. (Act 633 and 714) (Record no. 1336)

MARC details
000 -LEADER
fixed length control field 00430nam a22001337a 4500
005 - DATE AND TIME OF LATEST TRANSACTION
control field 20241119111120.0
008 - FIXED-LENGTH DATA ELEMENTS--GENERAL INFORMATION
fixed length control field 241119b |||||||| |||| 00| 0 eng d
110 ## - MAIN ENTRY--CORPORATE NAME
Corporate name or jurisdiction name as entry element Republic of Ghana
245 ## - TITLE STATEMENT
Title Criminal Procedure Code (Amendments) Act, 2002. (Act 633 and 714)
Statement of responsibility, etc. Republic of Ghana
260 ## - PUBLICATION, DISTRIBUTION, ETC.
Place of publication, distribution, etc. Accra, Ghana
Name of publisher, distributor, etc. Ghana Publishing Co. Ltd.
Date of publication, distribution, etc. 2006
300 ## - PHYSICAL DESCRIPTION
Extent 7 pages
Dimensions 23.5 cm
650 ## - SUBJECT ADDED ENTRY--TOPICAL TERM
Source of heading or term Criminal Code
General subdivision Ghana
942 ## - ADDED ENTRY ELEMENTS (KOHA)
Source of classification or shelving scheme Library of Congress Classification
Koha item type Books
Suppress in OPAC No
999 ## -
-- 1336
-- 1336
Holdings
Withdrawn status Lost status Source of classification or shelving scheme Damaged status Not for loan Collection Home library Current library Shelving location Date acquired Total checkouts Full call number Barcode Date last seen Copy number Price effective from Koha item type
    Library of Congress Classification     Non-fiction Law Library (Christ Temple) Law Library (Christ Temple) Reference 06/30/2025   KRX3794.3196A52 GHA LLCT00000795 06/30/2025 1 06/30/2025 Books
    Library of Congress Classification     Non-fiction Law Library (Christ Temple) Law Library (Christ Temple) Reference 06/30/2025   KRX3794.3196A52 GHA LLCT00000818 06/30/2025 2 06/30/2025 Books
    Library of Congress Classification     Non-fiction Law Library (Miotso) Law Library (Miotso) General stacks 11/19/2024   KRX3794.3196A52 GHA LLM00000914 11/19/2024 1 11/19/2024 Books
    Library of Congress Classification     Non-fiction Law Library (Miotso) Law Library (Miotso) General stacks 11/20/2024   KRX3794.3196A52 GHA LLM00001096 11/20/2024 2 11/20/2024 Books
© 2023-2024 Copyright: Central University Libraries. All Rights Reserved | Created by: Mahone Tech Office